Análisis de los cambios en la participación laboral femenina en Chile

Uloženo v:
Podrobná bibliografie
Hlavní autoři: Benvin, Evelyn (Autor), Perticará, Marcela (Autor)
Médium: Kniha
Jazyk:španělština
Vydáno: Santiago Universidad Alberto Hurtado 2007
Edice:Serie Documentos de Investigación, I-180
Témata:
Tagy: Přidat tag
Žádné tagy, Buďte první, kdo vytvoří štítek k tomuto záznamu!

MARC

LEADER 00000nam a2200000 a 4500
001 UCI4362
003 CL-VaPUC
008 080111e20070300CL |||||||||||||||||spa|d
082 0 4 |a 331.4  |b BEN  |2 21 
100 0 |a Benvin, Evelyn  |e author  |9 526210 
700 0 |a Perticará, Marcela  |e author  |9 526211 
245 1 0 |a Análisis de los cambios en la participación laboral femenina en Chile 
300 |a 28 p 
942 |c BK 
945 |d 20080111 00:00:00  |a jtorresc 
260 |a Santiago  |b Universidad Alberto Hurtado  |c 2007 
650 0 |a Mujeres  |9 257649 
650 0 |a Condiciones sociales   |9 257278 
650 7 |a SITUACION LEGAL  |2 CL-VaPUC  |9 255565 
650 0 |a Condiciones económicas  |9 258255 
650 0 |a Mujeres trabajadoras  |9 259236 
650 0 |a Trabajo y empleo  |9 315054 
650 7 |a PARTICIPACION  |2 CL-VaPUC  |9 337754 
651 7 |a CHILE  |2 CL-VaPUC  |9 526212 
583 |a last modification  |c 20080111 00:00:00  |k Rodrigo Vera 
490 0 |a Serie Documentos de Investigación, I-180 
999 |c 328309  |d 328307 
952 |0 0  |1 0  |4 0  |6 331_400000000000000_BEN_2007  |7 0  |8 A  |9 412147  |a BIBGIM  |b BIBGIM  |d 2019-11-22  |i 4399641  |o 331.4 BEN 2007  |p 4399641  |r 2025-01-15  |w 2019-11-22  |y BK  |k GIM